Music Quiz

Random Music or Singers Quiz
Score 0/100 Timer 16:00
10 Plays Today
Song Title Singer/Band % Correct
Baby One More TimeBritney Spears
88%
Single Ladies (Put a Ring on It)Beyoncé
85.8%
Dancing QueenAbba
80.5%
Like a PrayerMadonna
79.8%
I Kissed a GirlKaty Perry
77.6%
Poker FaceLady Gaga
77.3%
I Will Always Love YouWhitney Houston
76.3%
My Heart Will Go OnCeline Dion
75.6%
Hollaback GirlGwen Stefani
72.8%
UmbrellaRihanna
70.3%
RespectAretha Franklin
69.9%
Sk8er BoiAvril Lavigne
69.4%
Girls Just Wanna Have FunCyndi Lauper
65.5%
That Don't Impress Me MuchShania Twain
64.9%
Love StoryTaylor Swift
61.6%
WannabeSpice Girls
61.3%
The ClimbMiley Cyrus
61.3%
Just Like a PillP!nk
60.5%
Say My NameDestiny's Child
60.4%
My Life Would Suck Without YouKelly Clarkson
60.3%
Bleeding LoveLeona Lewis
59.8%
Before He CheatsCarrie Underwood
59.6%
DirrtyChristina Aguilera
59.4%
WaterfallsTLC
59%
Don't SpeakNo Doubt
57%
I Will SurviveGloria Gaynor
54.9%
Ain't No Mountain High EnoughDiana Ross
52.1%
IronicAlanis Morissette
51.5%
HeroMariah Carey
51.2%
BarracudaHeart
51.2%
Heart of GlassBlondie
50.8%
PhysicalOlivia Newton-John
50.1%
I Love Rock N RollJoan Jett
49.9%
Soak up the SunSheryl Crow
49.1%
Song Title Singer/Band % Correct
Walk Like an EgyptianBangles
48.1%
Stop! In the Name of LoveSupremes
46%
You're So VainCarly Simon
45.5%
Can't Get You Out of My HeadKylie Minogue
43.6%
Hit Me with Your Best ShotPat Benatar
43.5%
Fast CarTracy Chapman
42.3%
Straight UpPaula Abdul
42.1%
Me and Bobby McGeeJanis Joplin
42.1%
Goodbye EarlDixie Chicks
41.2%
Unbreak my HeartToni Braxton
40.9%
LandslideFleetwood Mac
40.4%
A Thousand MilesVanessa Carlton
40.3%
Rhythm NationJanet Jackson
40%
My ImmortalEvanescence
39.7%
Total Eclipse of the HeartBonnie Tyler
38.8%
Doo Wop (That Thing)Lauryn Hill
38.5%
ZombieCranberries
37%
TornNatalie Imbruglia
37%
The SignAce of Base
36%
I Think We're Alone NowTiffany
35.6%
Dark LadyCher
34.5%
We Got the BeatGo-Gos
34.4%
Big Yellow TaxiJoni Mitchell
33.8%
If I Ain't Got YouAlicia Keys
33.7%
Come to My WindowMelissa Etheridge
33.7%
She Works Hard for the MoneyDonna Summer
31.6%
Pocketful of SunshineNatasha Bedingfield
31.4%
Midnight Train to GeorgiaGladys Knight
31.2%
I'm So ExcitedPointer Sisters
30.8%
Misery BusinessParamore
30.6%
Killing Me Softly with His SongRoberta Flack
30.6%
Heaven is a Place on EarthBelinda Carlisle
30.4%
The Way We WereBarbra Streisand
29.5%
Foolish GamesJewel
28.2%
Song Title Singer/Band % Correct
Redneck WomanGretchen Wilson
28.2%
White RabbitJefferson Airplane
27.9%
Walking on SunshineKatrina and the Waves
27.4%
Something to Talk AboutBonnie Raitt
27.2%
No More DramaMary J. Blige
26.8%
VenusBananarama
26.7%
MickeyToni Basil
26.6%
Celebrity SkinHole
26.4%
CriminalFiona Apple
25.6%
Dream a Little Dream of MeMama Cass
24.4%
Work ItMissy Elliott
23.3%
My Lovin' (You're Never Gonna Get It)En Vogue
22.8%
Stay (I Missed You)Lisa Loeb
22.2%
Rainy Days and MondaysCarpenters
22%
I Feel the Earth MoveCarole King
21.9%
Building a MysterySarah McLachlan
20.4%
Walkin' After MidnightPatsy Cline
20.2%
Love SongSara Bareilles
19.9%
None of Your BusinessSalt-N-Pepa
19.1%
Where Have All the Cowboys Gone?Paula Cole
19%
Kids in AmericaKim Wilde
18.8%
I Think I'm ParanoidGarbage
18.7%
The Game of LoveMichelle Branch
18.4%
Listen to Your HeartRoxette
17.4%
One of UsJoan Osborne
17.2%
Confessions of a Broken HeartLindsay Lohan
17%
Tom's DinerSuzanne Vega
16.2%
Why Can't I?Liz Phair
14.6%
Strawberry WineDeana Carter
14.1%
It's My PartyLesley Gore
14.1%
Silent All These YearsTori Amos
12%
Ring My BellAnita Ward
10.1%
Remove Ads.
Support Sporcle.
Get the best of Sporcle when you Go Orange. This ad-free experience offers more features, more stats, and more fun while also helping to support Sporcle. Thank you for becoming a member.

You're not logged in!

Compare scores with friends on all Sporcle quizzes.
OR
Log In

Show Comments

Extras

Top Quizzes Today


Score Distribution

Your Account Isn't Verified!

In order to create a playlist on Sporcle, you need to verify the email address you used during registration. Go to your Sporcle Settings to finish the process.

Report this User

Report this user for behavior that violates our Community Guidelines.

Details: